000 01055nam a2200253 a 4500
001 39505
003 BD-RjUL
005 20211209053014.0
008 160411b bg ||||e |||| 00| 0 ben d
020 _a9847020900603
_c: tk. 210.00
035 _a(BD-RjUL)39618
040 _aBD-RjUL
_bben
_cBD-RjUL
041 _aben
082 _223
_a823
_bCOL 2010
100 _aকোয়েটজি,জে. এম.
_9121729
245 1 0 _aলাইফ এন্ড টাইমস অব মাইকেল কে /
_cজে. এম. কোয়েটজি, অনুবাদ : মোরশেদুর রহমান
260 _aঢাকা :
_bসন্দেশ,
_c২০১০.
300 _a১৯২ পৃ.
_c২০ সেমি.
500 _a২০০৩ সালে সাহিত্যে নোবেল পুরুস্কার বিজয়ী
650 _aইংরেজি উপন্যাস
_9121316
650 _aEnglish Fiction
_9120371
700 _aরহমান,মোরশেদুর
_9121728
942 _2ddc
_cBK
_01
999 _c39505
_d39505